| Tag |
First Indicator |
Second Indicator |
Subfields |
| LEADER |
00000cas a22000001 4500 |
| 001 |
in00000317521 |
| 005 |
20151010163252.0 |
| 008 |
760817c19uu9999au uu p 0 b0ger c |
| 010 |
|
|
|a sf 80000256
|
| 019 |
|
|
|a 2263837
|a 6371029
|
| 022 |
|
|
|a 0025-2638
|l 0025-2638
|
| 029 |
1 |
|
|a NLGGC
|b 810570548
|
| 029 |
1 |
|
|a NZ1
|b 4772271
|
| 029 |
1 |
|
|a AU@
|b 000002376561
|
| 035 |
|
|
|a (OCoLC)ocm02380123
|
| 035 |
|
|
|a (OCoLC)02380123
|
| 035 |
|
|
|9 ABJ7216AM
|
| 035 |
|
|
|a (OCoLC)2380123
|z (OCoLC)2263837
|z (OCoLC)6371029
|
| 037 |
|
|
|b Forum Stadtpark, A-8010 Graz, Stadtpark 1
|
| 040 |
|
|
|a YUS
|c YUS
|d IUL
|d OCL
|d IUL
|d DLC
|d OCL
|d NST
|d SYS
|d NLGGC
|d JPG
|d OCLCQ
|d UtOrBLW
|
| 042 |
|
|
|a pcc
|
| 049 |
|
|
|a TXAM
|
| 050 |
0 |
0 |
|a PT1141.A2
|b M35
|
| 090 |
|
|
|a PT3810
|b .M34
|
| 222 |
|
0 |
|a Manuskripte
|
| 245 |
0 |
0 |
|a Manuskripte.
|
| 264 |
|
1 |
|a Graz :
|b Forum Stadtpark.
|
| 300 |
|
|
|a volumes :
|b illustrations ;
|c 27 cm.
|
| 336 |
|
|
|a text
|b txt
|2 rdacontent
|
| 337 |
|
|
|a unmediated
|b n
|2 rdamedia
|
| 338 |
|
|
|a volume
|b nc
|2 rdacarrier
|
| 500 |
|
|
|a "Zeitschrift für Literatur."
|
| 500 |
|
|
|a Subtitle varies.
|
| 530 |
|
|
|a Also issued online.
|
| 650 |
1 |
7 |
|a Letterkunde.
|2 gtt
|
| 650 |
1 |
7 |
|a Duits.
|2 gtt
|
| 650 |
|
0 |
|a German literature
|v Periodicals.
|
| 650 |
|
0 |
|a German literature
|y 20th century
|v Periodicals.
|
| 650 |
|
0 |
|a Austrian literature
|x Periodicals.
|
| 710 |
2 |
|
|a Forum Stadtpark.
|
| 776 |
0 |
8 |
|i Online version:
|t Manuskripte
|w (OCoLC)607264782
|
| 776 |
0 |
8 |
|i Online version:
|t Manuskripte
|w (OCoLC)631991490
|
| 850 |
|
|
|a CaOTU
|a DLC
|a GEU
|a InU
|a MdU
|a OU
|a OrU
|
| 891 |
0 |
3 |
|9 853
|8 1
|a Jahrg.
|g Heft
|i (year)
|j (month)
|
| 891 |
4 |
0 |
|9 863
|8 1
|a <4>-
|g <10>-
|i <1964>-
|x provisional
|
| 936 |
|
|
|a nr. 62
|
| 949 |
|
|
|a updated
|b h
|c 2011/6/16
|e vilik
|f 12:02:32 pm
|
| 994 |
|
|
|a C0
|b TXA
|
| 999 |
|
|
|a MARS
|
| 999 |
f |
f |
|s aead11c0-58b7-320c-82c6-cf74fd3a85e6
|i 0a2121f4-598e-330c-a2e5-4cd0a28fb593
|t 0
|
| 952 |
f |
f |
|a Texas A&M University
|b College Station
|c Sterling C. Evans Library
|d Evans: Library Stacks
|e PT3810 .M34
|h Library of Congress classification
|i unmediated -- volume
|k Jahrg.52:heft 195-196
|l 2012:Marz-Juni
|m A14842058266
|p serial
|s Evans stk
|t 0
|
| 952 |
f |
f |
|a Texas A&M University
|b College Station
|c Sterling C. Evans Library
|d Evans: Library Stacks
|e PT3810 .M34
|h Library of Congress classification
|i unspecified -- unspecified
|k Jahrg.61:heft 231-232
|l 2021:Mai-Aug.
|m A14851517822
|p serial
|s Evans stk
|t 0
|
| 952 |
f |
f |
|a Texas A&M University
|b College Station
|c Sterling C. Evans Library
|d Evans: Library Stacks
|e PT3810 .M34
|h Library of Congress classification
|i unmediated -- volume
|k Jahrg.36:Heft 131-134
|l 1996
|m A14821625171
|p serial
|s Evans stk
|t 0
|
| 952 |
f |
f |
|a Texas A&M University
|b College Station
|c Sterling C. Evans Library
|d Evans: Library Stacks
|e PT3810 .M34
|h Library of Congress classification
|i unmediated -- volume
|k Jahrg.21:Heft 71-74
|l 1981
|m A14839689163
|p serial
|s Evans stk
|t 0
|
| 952 |
f |
f |
|a Texas A&M University
|b College Station
|c Sterling C. Evans Library
|d Evans: Library Stacks
|e PT3810 .M34
|h Library of Congress classification
|i unmediated -- volume
|k Jahrg.55:heft 209
|l 2015:Sept.
|m A14843317018
|p serial
|s Evans stk
|t 0
|
| 952 |
f |
f |
|a Texas A&M University
|b College Station
|c Sterling C. Evans Library
|d Evans: Library Stacks
|e PT3810 .M34
|h Library of Congress classification
|i unmediated -- volume
|k Jahrg.42:Heft 155-156
|l 2002:Marz-Juni
|m A14829618495
|p serial
|s Evans stk
|t 0
|
| 952 |
f |
f |
|a Texas A&M University
|b College Station
|c Sterling C. Evans Library
|d Evans: Library Stacks
|e PT3810 .M34
|h Library of Congress classification
|i unmediated -- volume
|k Jahrg.20:Heft 67-70
|l 1980
|m A14839689090
|p serial
|s Evans stk
|t 0
|
| 952 |
f |
f |
|a Texas A&M University
|b College Station
|c Sterling C. Evans Library
|d Evans: Library Stacks
|e PT3810 .M34
|h Library of Congress classification
|i unmediated -- volume
|k Jahrg.50:Heft 189/190:bd. 1
|l 2010:Dez.
|m A14839664684
|p serial
|s Evans stk
|t 0
|
| 952 |
f |
f |
|a Texas A&M University
|b College Station
|c Sterling C. Evans Library
|d Evans: Library Stacks
|e PT3810 .M34
|h Library of Congress classification
|i unmediated -- volume
|k Jahrg.56:heft 213
|l 2016:Sept.
|m A14850090078
|p serial
|s Evans stk
|t 0
|
| 952 |
f |
f |
|a Texas A&M University
|b College Station
|c Sterling C. Evans Library
|d Evans: Library Stacks
|e PT3810 .M34
|h Library of Congress classification
|i unmediated -- volume
|k Jahrg.45:Heft 169
|l 2005:Okt.
|m A14834471751
|p serial
|s Evans stk
|t 0
|
| 952 |
f |
f |
|a Texas A&M University
|b College Station
|c Sterling C. Evans Library
|d Evans: Library Stacks
|e PT3810 .M34
|h Library of Congress classification
|i unmediated -- volume
|k Jahrg.48:Heft 181-182
|l 2008:Okt.-Dez.
|m A14838819309
|p serial
|s Evans stk
|t 0
|
| 952 |
f |
f |
|a Texas A&M University
|b College Station
|c Sterling C. Evans Library
|d Evans: Library Stacks
|e PT3810 .M34
|h Library of Congress classification
|i unmediated -- volume
|k Jahrg.38:Heft 141-142
|l 1998
|m A14824912098
|p serial
|s Evans stk
|t 0
|
| 952 |
f |
f |
|a Texas A&M University
|b College Station
|c Sterling C. Evans Library
|d Evans: Library Stacks
|e PT3810 .M34
|h Library of Congress classification
|i unmediated -- volume
|k Jahrg.41:Heft 151-152
|l 2001:Marz-Juni
|m A14829618576
|p serial
|s Evans stk
|t 0
|
| 952 |
f |
f |
|a Texas A&M University
|b College Station
|c Sterling C. Evans Library
|d Evans: Library Stacks
|e PT3810 .M34
|h Library of Congress classification
|i unmediated -- volume
|k Jahrg.49:Heft 183-184
|l 2009:Marz-Juni
|m A14838934337
|p serial
|s Evans stk
|t 0
|
| 952 |
f |
f |
|a Texas A&M University
|b College Station
|c Sterling C. Evans Library
|d Evans: Library Stacks
|e PT3810 .M34
|h Library of Congress classification
|i unmediated -- volume
|k Jahrg.60:heft 230
|l 2020:Dez.
|m A14851501735
|p serial
|s Evans stk
|t 0
|
| 952 |
f |
f |
|a Texas A&M University
|b College Station
|c Sterling C. Evans Library
|d Evans: Library Stacks
|e PT3810 .M34
|h Library of Congress classification
|i unmediated -- volume
|k Jarhg.60:heft 227-228
|l 2020:Marz-Juli
|m A14851472408
|p serial
|s Evans stk
|t 0
|
| 952 |
f |
f |
|a Texas A&M University
|b College Station
|c Sterling C. Evans Library
|d Evans: Library Stacks
|e PT3810 .M34
|h Library of Congress classification
|i unmediated -- volume
|k Jahrg.43:Heft 15-160
|l 2003:Apr.-Juli
|m A14832173747
|p serial
|s Evans stk
|t 0
|
| 952 |
f |
f |
|a Texas A&M University
|b College Station
|c Sterling C. Evans Library
|d Evans: Library Stacks
|e PT3810 .M34
|h Library of Congress classification
|i unmediated -- volume
|k Jahrg.51:heft 193-194
|l 2011:Sept.-Dez.
|m A14842058274
|p serial
|s Evans stk
|t 0
|
| 952 |
f |
f |
|a Texas A&M University
|b College Station
|c Sterling C. Evans Library
|d Evans: Library Stacks
|e PT3810 .M34
|h Library of Congress classification
|i unmediated -- volume
|k Jahrg.34:Heft 125-126
|l 1994
|m A14819173786
|p serial
|s Evans stk
|t 0
|
| 952 |
f |
f |
|a Texas A&M University
|b College Station
|c Sterling C. Evans Library
|d Evans: Library Stacks
|e PT3810 .M34
|h Library of Congress classification
|i unmediated -- volume
|k Jahrg.31:Heft 111-112
|l 1991
|m A14815667270
|p serial
|s Evans stk
|t 0
|
| 952 |
f |
f |
|a Texas A&M University
|b College Station
|c Sterling C. Evans Library
|d Evans: Library Stacks
|e PT3810 .M34
|h Library of Congress classification
|i unmediated -- volume
|k Jahrg.58:heft 219-220
|l 2018:Marz-Juni
|m A14850411233
|p serial
|s Evans stk
|t 0
|
| 952 |
f |
f |
|a Texas A&M University
|b College Station
|c Sterling C. Evans Library
|d Evans: Library Stacks
|e PT3810 .M34
|h Library of Congress classification
|i unmediated -- volume
|k Jahrg.53:heft 200
|l 2013:Juni
|m A14842058241
|p serial
|s Evans stk
|t 0
|
| 952 |
f |
f |
|a Texas A&M University
|b College Station
|c Sterling C. Evans Library
|d Evans: Library Stacks
|e PT3810 .M34
|h Library of Congress classification
|i unmediated -- volume
|k Jahrg.57:heft 215
|l 2017:Marz.
|m A14850374985
|p serial
|s Evans stk
|t 0
|
| 952 |
f |
f |
|a Texas A&M University
|b College Station
|c Sterling C. Evans Library
|d Evans: Library Stacks
|e PT3810 .M34
|h Library of Congress classification
|i unmediated -- volume
|k Jahrg.28
|l 1988
|m A14811789436
|p serial
|s Evans stk
|t 0
|
| 952 |
f |
f |
|a Texas A&M University
|b College Station
|c Sterling C. Evans Library
|d Evans: Library Stacks
|e PT3810 .M34
|h Library of Congress classification
|i unmediated -- volume
|k Jahrg.33:Heft 121-122
|l 1993
|m A14817906612
|p serial
|s Evans stk
|t 0
|
| 952 |
f |
f |
|a Texas A&M University
|b College Station
|c Sterling C. Evans Library
|d Evans: Library Stacks
|e PT3810 .M34
|h Library of Congress classification
|i unmediated -- volume
|k Jahrg.16:Heft 55-57-Jahrg.17:Heft 58
|l 1977-1978
|m A14811603363
|p serial
|s Evans stk
|t 0
|
| 952 |
f |
f |
|a Texas A&M University
|b College Station
|c Sterling C. Evans Library
|d Evans: Library Stacks
|e PT3810 .M34
|h Library of Congress classification
|i unmediated -- volume
|k Jahrg.42:Heft 157-158
|l 2002:Sept.-Dez.
|m A14830949265
|p serial
|s Evans stk
|t 0
|
| 952 |
f |
f |
|a Texas A&M University
|b College Station
|c Sterling C. Evans Library
|d Evans: Library Stacks
|e PT3810 .M34
|h Library of Congress classification
|i unmediated -- volume
|k Jahrg.38:Heft 139-140
|l 1998
|m A14824926851
|p serial
|s Evans stk
|t 0
|
| 952 |
f |
f |
|a Texas A&M University
|b College Station
|c Sterling C. Evans Library
|d Evans: Library Stacks
|e PT3810 .M34
|h Library of Congress classification
|i unmediated -- volume
|k Jahrg.56:heft 211
|l 2016:Marz
|m A14850090052
|p serial
|s Evans stk
|t 0
|
| 952 |
f |
f |
|a Texas A&M University
|b College Station
|c Sterling C. Evans Library
|d Evans: Library Stacks
|e PT3810 .M34
|h Library of Congress classification
|i unmediated -- volume
|k Jahrg.56:heft 214
|l 2016:Nov.
|m A14850374977
|p serial
|s Evans stk
|t 0
|
| 952 |
f |
f |
|a Texas A&M University
|b College Station
|c Sterling C. Evans Library
|d Evans: Library Stacks
|e PT3810 .M34
|h Library of Congress classification
|i unmediated -- volume
|k Jahrg.54:heft 204
|l 2014:Juni
|m A14842835457
|p serial
|s Evans stk
|t 0
|
| 952 |
f |
f |
|a Texas A&M University
|b College Station
|c Sterling C. Evans Library
|d Evans: Library Stacks
|e PT3810 .M34
|h Library of Congress classification
|i unmediated -- volume
|k Jahrg.37:Heft 137-138
|l 1997
|m A14824031868
|p serial
|s Evans stk
|t 0
|
| 952 |
f |
f |
|a Texas A&M University
|b College Station
|c Sterling C. Evans Library
|d Evans: Library Stacks
|e PT3810 .M34
|h Library of Congress classification
|i unmediated -- volume
|k Jahrg.57:heft 216
|l 2017:Juni
|m A14850374993
|p serial
|s Evans stk
|t 0
|
| 952 |
f |
f |
|a Texas A&M University
|b College Station
|c Sterling C. Evans Library
|d Evans: Library Stacks
|e PT3810 .M34
|h Library of Congress classification
|i unmediated -- volume
|k Jahrg.46:Heft 173-174
|l 2006:Okt.-Dez.
|m A14835881975
|p serial
|s Evans stk
|t 0
|
| 952 |
f |
f |
|a Texas A&M University
|b College Station
|c Sterling C. Evans Library
|d Evans: Library Stacks
|e PT3810 .M34
|h Library of Congress classification
|i unmediated -- volume
|k Jahrg.26:Heft 91-94
|l 1986
|m A14839689202
|p serial
|s Evans stk
|t 0
|
| 952 |
f |
f |
|a Texas A&M University
|b College Station
|c Sterling C. Evans Library
|d Evans: Library Stacks
|e PT3810 .M34
|h Library of Congress classification
|i unmediated -- volume
|k Jahrg.35:Heft 129-130
|l 1995
|m A14819991477
|p serial
|s Evans stk
|t 0
|
| 952 |
f |
f |
|a Texas A&M University
|b College Station
|c Sterling C. Evans Library
|d Evans: Library Stacks
|e PT3810 .M34
|h Library of Congress classification
|i unmediated -- volume
|k Jahrg.30:Heft 107-110
|l 1990
|m A14812962045
|p serial
|s Evans stk
|t 0
|
| 952 |
f |
f |
|a Texas A&M University
|b College Station
|c Sterling C. Evans Library
|d Evans: Library Stacks
|e PT3810 .M34
|h Library of Congress classification
|i unmediated -- volume
|k Jahrg.23:Heft 83-86
|l 1984
|m A14839689139
|p serial
|s Evans stk
|t 0
|
| 952 |
f |
f |
|a Texas A&M University
|b College Station
|c Sterling C. Evans Library
|d Evans: Library Stacks
|e PT3810 .M34
|h Library of Congress classification
|i unmediated -- volume
|k Jahrg.54:heft 206
|l 2014:Dez.
|m A14843317042
|p serial
|s Evans stk
|t 0
|
| 952 |
f |
f |
|a Texas A&M University
|b College Station
|c Sterling C. Evans Library
|d Evans: Library Stacks
|e PT3810 .M34
|h Library of Congress classification
|i unmediated -- volume
|k Jahrg.19:Heft 63-66
|l 1979
|m A14839689105
|p serial
|s Evans stk
|t 0
|
| 952 |
f |
f |
|a Texas A&M University
|b College Station
|c Sterling C. Evans Library
|d Evans: Library Stacks
|e PT3810 .M34
|h Library of Congress classification
|i unmediated -- volume
|k Jahrg.53:heft 202
|l 2013:Dez.
|m A14842835432
|p serial
|s Evans stk
|t 0
|
| 952 |
f |
f |
|a Texas A&M University
|b College Station
|c Sterling C. Evans Library
|d Evans: Library Stacks
|e PT3810 .M34
|h Library of Congress classification
|i unmediated -- volume
|k Jahrg.47:Heft 177-178
|l 2007:Sept.-Dez.
|m A14837126703
|p serial
|s Evans stk
|t 0
|
| 952 |
f |
f |
|a Texas A&M University
|b College Station
|c Sterling C. Evans Library
|d Evans: Library Stacks
|e PT3810 .M34
|h Library of Congress classification
|i unmediated -- volume
|k Jahrg.59:heft 223-224
|l 2019:Marz-Juni
|m A14850938987
|p serial
|s Evans stk
|t 0
|
| 952 |
f |
f |
|a Texas A&M University
|b College Station
|c Sterling C. Evans Library
|d Evans: Library Stacks
|e PT3810 .M34
|h Library of Congress classification
|i unmediated -- volume
|k Jahrg.53:heft 199
|l 2013:Marz
|m A14842313513
|p serial
|s Evans stk
|t 0
|
| 952 |
f |
f |
|a Texas A&M University
|b College Station
|c Sterling C. Evans Library
|d Evans: Library Stacks
|e PT3810 .M34
|h Library of Congress classification
|i unmediated -- volume
|k Jahrg.46:Heft 171-172
|l 2006:Mai-Juni
|m A14835067628
|p serial
|s Evans stk
|t 0
|
| 952 |
f |
f |
|a Texas A&M University
|b College Station
|c Sterling C. Evans Library
|d Evans: Library Stacks
|e PT3810 .M34
|h Library of Congress classification
|i unmediated -- volume
|k Jahrg.32:Heft 115-116
|l 1992
|m A14817159354
|p serial
|s Evans stk
|t 0
|
| 952 |
f |
f |
|a Texas A&M University
|b College Station
|c Sterling C. Evans Library
|d Evans: Library Stacks
|e PT3810 .M34
|h Library of Congress classification
|i unmediated -- volume
|k Jahrg.30:Heft 109-110
|l 1990
|m A14814675864
|p serial
|s Evans stk
|t 0
|
| 952 |
f |
f |
|a Texas A&M University
|b College Station
|c Sterling C. Evans Library
|d Evans: Library Stacks
|e PT3810 .M34
|h Library of Congress classification
|i unmediated -- volume
|k Jahrg.55:heft 208
|l 2015:Juni
|m A14843317026
|p serial
|s Evans stk
|t 0
|
| 952 |
f |
f |
|a Texas A&M University
|b College Station
|c Sterling C. Evans Library
|d Evans: Library Stacks
|e PT3810 .M34
|h Library of Congress classification
|i unmediated -- volume
|k Jahrg.52:heft 197-198
|l 2012:Sept.-Dez.
|m A14842058258
|p serial
|s Evans stk
|t 0
|
| 952 |
f |
f |
|a Texas A&M University
|b College Station
|c Sterling C. Evans Library
|d Evans: Library Stacks
|e PT3810 .M34
|h Library of Congress classification
|i unmediated -- volume
|k Jahrg.44:Heft 163-164
|l 2004:Marz-Juni
|m A14832208681
|p serial
|s Evans stk
|t 0
|
| 952 |
f |
f |
|a Texas A&M University
|b College Station
|c Sterling C. Evans Library
|d Evans: Library Stacks
|e PT3810 .M34
|h Library of Congress classification
|i unmediated -- volume
|k Jahrg.40:Heft 149-150
|l 2000
|m A14827371990
|p serial
|s Evans stk
|t 0
|
| 952 |
f |
f |
|a Texas A&M University
|b College Station
|c Sterling C. Evans Library
|d Evans: Library Stacks
|e PT3810 .M34
|h Library of Congress classification
|i unmediated -- volume
|k Jahrg.25:Heft 87-90
|l 1985
|m A14813865254
|p serial
|s Evans stk
|t 0
|
| 952 |
f |
f |
|a Texas A&M University
|b College Station
|c Sterling C. Evans Library
|d Evans: Library Stacks
|e PT3810 .M34
|h Library of Congress classification
|i unmediated -- volume
|k Jahrg.47:Heft 175-176
|l 2007:Marz-Juni
|m A14836450109
|p serial
|s Evans stk
|t 0
|
| 952 |
f |
f |
|a Texas A&M University
|b College Station
|c Sterling C. Evans Library
|d Evans: Library Stacks
|e PT3810 .M34
|h Library of Congress classification
|i unmediated -- volume
|k Jahrg.57:heft 218
|l 2017:Nov.
|m A14850375016
|p serial
|s Evans stk
|t 0
|
| 952 |
f |
f |
|a Texas A&M University
|b College Station
|c Sterling C. Evans Library
|d Evans: Library Stacks
|e PT3810 .M34
|h Library of Congress classification
|i unmediated -- volume
|k Jahrg.50:Heft 187-188
|l 2010:Marz-Juni
|m A14834827944
|p serial
|s Evans stk
|t 0
|
| 952 |
f |
f |
|a Texas A&M University
|b College Station
|c Sterling C. Evans Library
|d Evans: Library Stacks
|e PT3810 .M34
|h Library of Congress classification
|i unmediated -- volume
|k Jahrg.23:Heft 79-82
|l 1983
|m A14839689147
|p serial
|s Evans stk
|t 0
|
| 952 |
f |
f |
|a Texas A&M University
|b College Station
|c Sterling C. Evans Library
|d Evans: Library Stacks
|e PT3810 .M34
|h Library of Congress classification
|i unmediated -- volume
|k Jahrg.55:heft 207
|l 2015:Marz
|m A14843317034
|p serial
|s Evans stk
|t 0
|
| 952 |
f |
f |
|a Texas A&M University
|b College Station
|c Sterling C. Evans Library
|d Evans: Library Stacks
|e PT3810 .M34
|h Library of Congress classification
|i unmediated -- volume
|k Jahrg.27
|l 1987
|m A14811412160
|p serial
|s Evans stk
|t 0
|
| 952 |
f |
f |
|a Texas A&M University
|b College Station
|c Sterling C. Evans Library
|d Evans: Library Stacks
|e PT3810 .M34
|h Library of Congress classification
|i unmediated -- volume
|k Jahrg.35:Heft 127-128
|l 1995
|m A14820116292
|p serial
|s Evans stk
|t 0
|
| 952 |
f |
f |
|a Texas A&M University
|b College Station
|c Sterling C. Evans Library
|d Evans: Library Stacks
|e PT3810 .M34
|h Library of Congress classification
|i unspecified -- unspecified
|k Jahrg.61:heft 233-234
|l 2021:Okt.-Dez.
|m A14851517830
|p serial
|s Evans stk
|t 0
|
| 952 |
f |
f |
|a Texas A&M University
|b College Station
|c Sterling C. Evans Library
|d Evans: Library Stacks
|e PT3810 .M34
|h Library of Congress classification
|i unmediated -- volume
|k Jahrg.50:Heft 189/190:bd. 2
|l 2010:Dez.
|m A14839664692
|p serial
|s Evans stk
|t 0
|
| 952 |
f |
f |
|a Texas A&M University
|b College Station
|c Sterling C. Evans Library
|d Evans: Library Stacks
|e PT3810 .M34
|h Library of Congress classification
|i unmediated -- volume
|k Jahrg.48:Heft 179-180
|l 2008:Marz-Juni
|m A14834761512
|p serial
|s Evans stk
|t 0
|
| 952 |
f |
f |
|a Texas A&M University
|b College Station
|c Sterling C. Evans Library
|d Evans: Library Stacks
|e PT3810 .M34
|h Library of Congress classification
|i unmediated -- volume
|k Jahrg.51:heft 191-192
|l 2011:Marz.-Juni
|m A14841633110
|p serial
|s Evans stk
|t 0
|
| 952 |
f |
f |
|a Texas A&M University
|b College Station
|c Sterling C. Evans Library
|d Evans: Library Stacks
|e PT3810 .M34
|h Library of Congress classification
|i unmediated -- volume
|k Jahrg.44:Heft 165-166
|l 2004:Sept.-Dez.
|m A14833706593
|p serial
|s Evans stk
|t 0
|
| 952 |
f |
f |
|a Texas A&M University
|b College Station
|c Sterling C. Evans Library
|d Evans: Library Stacks
|e PT3810 .M34
|h Library of Congress classification
|i unmediated -- volume
|k Jahrg.57:heft 217
|l 2017:Sept.
|m A14850375008
|p serial
|s Evans stk
|t 0
|
| 952 |
f |
f |
|a Texas A&M University
|b College Station
|c Sterling C. Evans Library
|d Evans: Library Stacks
|e PT3810 .M34
|h Library of Congress classification
|i unmediated -- volume
|k Jahrg.37:Heft 135-136
|l 1997
|m A14824031567
|p serial
|s Evans stk
|t 0
|
| 952 |
f |
f |
|a Texas A&M University
|b College Station
|c Sterling C. Evans Library
|d Evans: Library Stacks
|e PT3810 .M34
|h Library of Congress classification
|i unmediated -- volume
|k Jahrg.55:heft 210
|l 2015:Nov.
|m A14850090045
|p serial
|s Evans stk
|t 0
|
| 952 |
f |
f |
|a Texas A&M University
|b College Station
|c Sterling C. Evans Library
|d Evans: Library Stacks
|e PT3810 .M34
|h Library of Congress classification
|i unmediated -- volume
|k Jahrg.33:Heft 119-120
|l 1993
|m A14818232252
|p serial
|s Evans stk
|t 0
|
| 952 |
f |
f |
|a Texas A&M University
|b College Station
|c Sterling C. Evans Library
|d Evans: Library Stacks
|e PT3810 .M34
|h Library of Congress classification
|i unmediated -- volume
|k Jahrg.54:heft 205
|l 2014:Sept.
|m A14842835465
|p serial
|s Evans stk
|t 0
|
| 952 |
f |
f |
|a Texas A&M University
|b College Station
|c Sterling C. Evans Library
|d Evans: Library Stacks
|e PT3810 .M34
|h Library of Congress classification
|i unmediated -- volume
|k Jahrg.43:Heft 162
|l 2003:Dez.
|m A14831505569
|p serial
|s Evans stk
|t 0
|
| 952 |
f |
f |
|a Texas A&M University
|b College Station
|c Sterling C. Evans Library
|d Evans: Library Stacks
|e PT3810 .M34
|h Library of Congress classification
|i unmediated -- volume
|k Jahrg.14:Heft 47/48-49-Jahrg.15:Heft 52-54
|l 1975-1976
|m A14839689121
|p serial
|s Evans stk
|t 0
|
| 952 |
f |
f |
|a Texas A&M University
|b College Station
|c Sterling C. Evans Library
|d Evans: Library Stacks
|e PT3810 .M34
|h Library of Congress classification
|i unmediated -- volume
|k Jahrg.56:heft 212
|l 2016:Juni
|m A14850090060
|p serial
|s Evans stk
|t 0
|
| 952 |
f |
f |
|a Texas A&M University
|b College Station
|c Sterling C. Evans Library
|d Evans: Library Stacks
|e PT3810 .M34
|h Library of Congress classification
|i unmediated -- volume
|k Jahrg.40:Heft 147-148
|l 2000
|m A14827371958
|p serial
|s Evans stk
|t 0
|
| 952 |
f |
f |
|a Texas A&M University
|b College Station
|c Sterling C. Evans Library
|d Evans: Library Stacks
|e PT3810 .M34
|h Library of Congress classification
|i unmediated -- volume
|k Jahrg.39:Heft 143-144
|l 1999:Marz-Juni
|m A14826828790
|p serial
|s Evans stk
|t 0
|
| 952 |
f |
f |
|a Texas A&M University
|b College Station
|c Sterling C. Evans Library
|d Evans: Library Stacks
|e PT3810 .M34
|h Library of Congress classification
|i unmediated -- volume
|k Jahrg.22:Heft 75-78
|l 1982
|m A14839689155
|p serial
|s Evans stk
|t 0
|
| 952 |
f |
f |
|a Texas A&M University
|b College Station
|c Sterling C. Evans Library
|d Evans: Library Stacks
|e PT3810 .M34
|h Library of Congress classification
|i unmediated -- volume
|k Jahrg.18:Heft 60-62
|l 1978
|m A14839689113
|p serial
|s Evans stk
|t 0
|
| 952 |
f |
f |
|a Texas A&M University
|b College Station
|c Sterling C. Evans Library
|d Evans: Library Stacks
|e PT3810 .M34
|h Library of Congress classification
|i unmediated -- volume
|k Jahrg.53:heft 201
|l 2013:Okt.
|m A14842313521
|p serial
|s Evans stk
|t 0
|
| 952 |
f |
f |
|a Texas A&M University
|b College Station
|c Sterling C. Evans Library
|d Evans: Library Stacks
|e PT3810 .M34
|h Library of Congress classification
|i unmediated -- volume
|k Jahrg.45:Heft 167-168
|l 2005:Marz-Juni
|m A14833426169
|p serial
|s Evans stk
|t 0
|
| 952 |
f |
f |
|a Texas A&M University
|b College Station
|c Sterling C. Evans Library
|d Evans: Library Stacks
|e PT3810 .M34
|h Library of Congress classification
|i unmediated -- volume
|k Jahrg.60:heft 229
|l 2020:Okt.
|m A14851516873
|p serial
|s Evans stk
|t 0
|
| 952 |
f |
f |
|a Texas A&M University
|b College Station
|c Sterling C. Evans Library
|d Evans: Library Stacks
|e PT3810 .M34
|h Library of Congress classification
|i unmediated -- volume
|k Jahrg.31:Heft 113-114
|l 1991
|m A14815536908
|p serial
|s Evans stk
|t 0
|
| 952 |
f |
f |
|a Texas A&M University
|b College Station
|c Sterling C. Evans Library
|d Evans: Library Stacks
|e PT3810 .M34
|h Library of Congress classification
|i unmediated -- volume
|k Jahrg.29
|l 1989
|m A14812085209
|p serial
|s Evans stk
|t 0
|
| 952 |
f |
f |
|a Texas A&M University
|b College Station
|c Sterling C. Evans Library
|d Evans: Library Stacks
|e PT3810 .M34
|h Library of Congress classification
|i unmediated -- volume
|k Jahrg.54:heft 203
|l 2014:Marz
|m A14842835440
|p serial
|s Evans stk
|t 0
|
| 952 |
f |
f |
|a Texas A&M University
|b College Station
|c Sterling C. Evans Library
|d Evans: Library Stacks
|e PT3810 .M34
|h Library of Congress classification
|i unmediated -- volume
|k Jahrg.32:Heft 117-118
|l 1992
|m A14817159362
|p serial
|s Evans stk
|t 0
|
| 952 |
f |
f |
|a Texas A&M University
|b College Station
|c Sterling C. Evans Library
|d Evans: Library Stacks
|e PT3810 .M34
|h Library of Congress classification
|i unmediated -- volume
|k Jahrg.9:Heft 27-Jahrg.14:Heft 44
|l 1969-1974
|m A14839689058
|p serial
|s Evans stk
|t 0
|
| 952 |
f |
f |
|a Texas A&M University
|b College Station
|c Sterling C. Evans Library
|d Evans: Library Stacks
|e PT3810 .M34
|h Library of Congress classification
|i unmediated -- volume
|k Jahrg.39:Heft 145-146
|l 1999:Juli-Dez.
|m A14826829039
|p serial
|s Evans stk
|t 0
|
| 952 |
f |
f |
|a Texas A&M University
|b College Station
|c Sterling C. Evans Library
|d Evans: Library Stacks
|e PT3810 .M34
|h Library of Congress classification
|i unmediated -- volume
|k Jahrg.58:heft 221-222
|l 2018:Sept.-Nov.
|m A14850917965
|p serial
|s Evans stk
|t 0
|
| 952 |
f |
f |
|a Texas A&M University
|b College Station
|c Sterling C. Evans Library
|d Evans: Library Stacks
|e PT3810 .M34
|h Library of Congress classification
|i unmediated -- volume
|k Jahrg.41:Heft 153-154
|l 2001:Okt.-Dez.
|m A14829618534
|p serial
|s Evans stk
|t 0
|
| 952 |
f |
f |
|a Texas A&M University
|b College Station
|c Sterling C. Evans Library
|d Evans: Library Stacks
|e PT3810 .M34
|h Library of Congress classification
|i unmediated -- volume
|k Jahrg.34:Heft 123-124
|l 1994
|m A14819173508
|p serial
|s Evans stk
|t 0
|
| 952 |
f |
f |
|a Texas A&M University
|b College Station
|c Sterling C. Evans Library
|d Evans: Library Stacks
|e PT3810 .M34
|h Library of Congress classification
|i unmediated -- volume
|k Jahrg.49:Heft 185-186
|l 2009:Okt.-Dez.
|m A14839121806
|p serial
|s Evans stk
|t 0
|
| 952 |
f |
f |
|a Texas A&M University
|b College Station
|c Sterling C. Evans Library
|d Evans: Library Stacks
|e PT3810 .M34
|h Library of Congress classification
|i unmediated -- volume
|k Jahrg.59:heft 225-226
|l 2019:Okt.-Nov.
|m A14851476102
|p serial
|s Evans stk
|t 0
|
| 998 |
f |
f |
|a PT3810 .M34
|s Jahrg.46-61 (2006-2021)
|t 0
|l Evans: Library Stacks
|